[Event "FISU World University-ch 2020"]
[Site "Online"]
[Date "2020.10.26"]
[Round "5.22"]
[White "Palu, Andres"]
[Black "Olarte Parra, Jhoan Sebastian"]
[Result "1-0"]
[WhiteElo "2068"]
[BlackElo "1999"]
[Annotator "TA"]
[PlyCount "125"]
[EventDate "2020.10.26"]
[SourceTitle "playchess.com"]
[Source "ChessBase"]
[SourceQuality "1"]

1. e4 c6 2. d4 d5 3. e5 Bf5 4. Nf3 e6 5. Be2 Nd7 6. O-O Ne7 7. Nbd2 h6 8. Nb3 g5 9. c4 Ng6 10. cxd5 exd5 11. Be3 g4 12. Ne1 h5 13. f3 gxf3 14. Bxf3 Be6 15. Nd3 Qb6 16. Qe2 h4 17. Rae1 O-O-O 18. Bg4 Be7 19. Bxe6 fxe6 20. Qg4 Ndf8 21. Rf7 Kb8 22. Ndc5 Bxc5 23. Nxc5 Qa5 24. Rxb7+ Ka8 25. Qe2 Rh7 26. b4 Qa3 27. Bc1 Qc3 28. Bb2 Qc4 29. Qxc4 dxc4 30. Rxh7 Nxh7 31. Nxe6 Rb8 32. a3 a5 33. Bc3 Ne7 34. bxa5 Nd5 35. Rc1 Re8 36. Nc5 Ng5 37. Bd2 Rg8 38. Bxg5 Rxg5 39. e6 Rg7 40. Kf2 c3 41. g3 Rg4 42. Na4 Rxd4 43. Nxc3 Rd2+ 44. Kf3 Rd3+ 45. Ke4 Re3+ 46. Kd4 Rxe6 47. Nxd5 cxd5 48. Kxd5 Ra6 49. gxh4 Rxa5+ 50. Ke6 Rxa3 51. Kf6 Rh3 52. Rc4 Rxh2 53. Kg5 Rb2 54. h5 Rb5+ 55. Kg4 Rb6 56. Rf4 Kb8 57. Kg5 Kc7 58. h6 Rb5+ 59. Kg6 Rb6+ 60. Rf6 Rb1 61. h7 Rg1+ 62. Kf7 Rh1 63. Kg7 1-0

[Event "FISU World University-ch 2020"]
[Site "Online"]
[Date "2020.10.26"]
[Round "5.22"]
[White "Toro Castaneda, Elizabeth"]
[Black "A_____, E____________"]
[Result "1-0"]
[WhiteElo "1989"]
[BlackElo "1767"]
[Annotator "TA"]
[PlyCount "79"]
[EventDate "2020.10.26"]
[SourceTitle "playchess.com"]
[Source "ChessBase"]
[SourceQuality "1"]

1. e4 e6 2. d3 d5 3. Nd2 dxe4 4. dxe4 Nc6 5. Ngf3 Nf6 6. g3 Be7 7. Bg2 O-O 8. O-O Bd7 9. Re1 h6 10. c3 Bc5 11. Qc2 Ne7 12. a4 a6 13. Nc4 Ng6 14. Be3 Bxe3 15. Nxe3 Bc6 16. Nd4 Qe8 17. b3 Rd8 18. Rad1 Ne5 19. h3 Bd7 20. f4 Nc6 21. e5 Nd5 22. Nxd5 exd5 23. Bxd5 Nxd4 24. Rxd4 Bxh3 25. Bxb7 Rxd4 26. cxd4 Qd7 27. d5 Qg4 28. Re3 g5 29. Qf2 Rb8 30. Bxa6 Qd1+ 31. Kh2 Qxd5 32. Bc4 Qc6 33. Kxh3 Qh1+ 34. Kg4 Rb6 35. fxg5 h5+ 36. Kf4 Qd1 37. Ke4 Qb1+ 38. Rd3 Kh7 39. Qxf7+ Kh8 40. Qg8# 1-0

[Event "FISU World University-ch 2020"]
[Site "Online"]
[Date "2020.10.26"]
[Round "5.22"]
[White "Gomez Guardo, Laura Meli"]
[Black "Gianuzzi, Emanuel"]
[Result "1/2-1/2"]
[WhiteElo "1875"]
[BlackElo "1442"]
[Annotator "NA RC"]
[PlyCount "67"]
[EventDate "2020.10.26"]
[SourceTitle "playchess.com"]
[Source "ChessBase"]
[SourceQuality "1"]

1. d4 d5 2. c4 Nf6 3. Nc3 e6 4. Nf3 Nc6 5. Bg5 Be7 6. e3 O-O 7. Bd3 dxc4 8. Bxc4 Nd5 9. Bxe7 Ncxe7 10. a3 c6 11. Rc1 Qa5 12. O-O Nxc3 13. Rxc3 Nd5 14. Rc1 b6 15. Qd3 Bb7 16. b4 Qa4 17. e4 Nf6 18. e5 Nd5 19. Ng5 g6 20. Qh3 h5 21. Ne4 Ba6 22. Bxa6 Qxa6 23. Rxc6 Rac8 24. Rxc8 Rxc8 25. Qb3 Nf4 26. Qe3 Ne2+ 27. Kh1 Nxd4 28. Rd1 Nf5 29. Qg5 Qe2 30. Rd8+ Kh7 31. Nf6+ Kg7 32. Nxh5+ Kh7 33. Nf6+ Kg7 34. Nh5+ 1/2-1/2

[Event "FISU World University-ch 2020"]
[Site "Online"]
[Date "2020.10.26"]
[Round "5.23"]
[White "Gracia Alvarez, Gerardo An"]
[Black "Sanchez Sandoval, Gonzalo"]
[Result "0-1"]
[WhiteElo "2308"]
[BlackElo "2358"]
[Annotator "TA"]
[PlyCount "58"]
[EventDate "2020.10.26"]
[SourceTitle "playchess.com"]
[Source "ChessBase"]
[SourceQuality "1"]

1. e4 c5 2. Nc3 a6 3. g3 b5 4. Bg2 Bb7 5. d3 e6 6. Nh3 Nf6 7. O-O d5 8. e5 Nfd7 9. f4 Be7 10. f5 b4 11. fxe6 fxe6 12. Nf4 Nf8 13. Qg4 g6 14. Nxe6 Nxe6 15. Qxe6 bxc3 16. Bh3 Qc7 17. Qf7+ Kd8 18. Qg7 Re8 19. Rf7 Nc6 20. Bf4 cxb2 21. Rb1 Bc8 22. e6 Qa5 23. Bd6 Ra7 24. Qxh7 Qxa2 25. Rff1 Bxd6 26. Qxg6 Rae7 27. Qf6 Be5 28. Qf3 Nd4 29. Qd1 Bxe6 0-1

[Event "FISU World University-ch 2020"]
[Site "Online"]
[Date "2020.10.26"]
[Round "5.23"]
[White "Tello Chavez, Isaac Valent"]
[Black "Pinochet Gonzalez, Luis Enrique"]
[Result "1-0"]
[WhiteElo "2275"]
[BlackElo "1753"]
[Annotator "TA"]
[PlyCount "83"]
[EventDate "2020.10.26"]
[SourceTitle "playchess.com"]
[Source "ChessBase"]
[SourceQuality "1"]

1. c4 Nf6 2. g3 g6 3. Bg2 d5 4. cxd5 Nxd5 5. Nc3 Nb6 6. d3 Bg7 7. Be3 O-O 8. Qd2 Nc6 9. Bh6 a5 10. Nf3 Nb4 11. Rc1 c6 12. h4 Bf5 13. Bxg7 Kxg7 14. a3 N4d5 15. e4 Bg4 16. exd5 cxd5 17. h5 Bxh5 18. g4 Bxg4 19. Qh6+ Kf6 20. Qh4+ Kg7 21. Qxh7+ Kf6 22. Qh4+ Kg7 23. Qxg4 Qd6 24. Nb5 Qf6 25. Qg5 Qxb2 26. Qe5+ Qxe5+ 27. Nxe5 f6 28. Nf3 Rac8 29. Kd2 e5 30. Bh3 Rc6 31. Na7 Rd6 32. Rc7+ Rf7 33. Rxf7+ Kxf7 34. Rc1 e4 35. Rc7+ Kf8 36. Nd4 f5 37. Nab5 Rf6 38. Rxb7 exd3 39. Kxd3 Nc4 40. Bg2 Ne5+ 41. Ke2 f4 42. Bxd5 1-0

[Event "FISU World University-ch 2020"]
[Site "Online"]
[Date "2020.10.26"]
[Round "5.23"]
[White "Barriga Silva, Felipe"]
[Black "Sandoval Mercado, Carlos"]
[Result "0-1"]
[WhiteElo "2125"]
[BlackElo "2298"]
[Annotator "TA"]
[PlyCount "116"]
[EventDate "2020.10.26"]
[SourceTitle "playchess.com"]
[Source "ChessBase"]
[SourceQuality "1"]

1. e4 c5 2. Nc3 Nc6 3. g3 g6 4. Bg2 Bg7 5. d3 d6 6. Nge2 e6 7. Be3 Nd4 8. Qd2 Ne7 9. O-O O-O 10. Nd1 Rb8 11. c3 Nxe2+ 12. Qxe2 b6 13. d4 Nc6 14. e5 cxd4 15. cxd4 Nb4 16. Nc3 Ba6 17. Nb5 dxe5 18. dxe5 Bxe5 19. a4 Qf6 20. f4 Bxb2 21. Rab1 Bxb5 22. axb5 Bc3 23. Rfc1 Nd5 24. Bf2 Rfc8 25. Rd1 Rd8 26. Qa2 Qe7 27. Bxd5 exd5 28. Rxd5 Rxd5 29. Qxd5 Rd8 30. Qc4 Qf6 31. Kg2 Rd2 32. Kg1 Bd4 33. Bxd4 Rxd4 34. Qe2 Qd6 35. Re1 Rd5 36. Rc1 Rd2 37. Qe4 Kg7 38. Rc6 Qd5 39. Qxd5 Rxd5 40. Rc7 Rxb5 41. Rxa7 Rb2 42. Rb7 h5 43. Kf1 h4 44. gxh4 Rxh2 45. Rxb6 Rxh4 46. Rb4 g5 47. Kg2 Rxf4 48. Rxf4 gxf4 49. Kf3 Kg6 50. Kxf4 Kf6 51. Kf3 Kf5 52. Kg3 Ke4 53. Kf2 Kf4 54. Ke2 Kg3 55. Kf1 f5 56. Kg1 f4 57. Kf1 Kf3 58. Kg1 Ke2 0-1

[Event "FISU World University-ch 2020"]
[Site "Online"]
[Date "2020.10.26"]
[Round "5.24"]
[White "Ono, David"]
[Black "Damaceno, Mateus Lima"]
[Result "0-1"]
[WhiteElo "2096"]
[BlackElo "2136"]
[Annotator "TA"]
[PlyCount "122"]
[EventDate "2020.10.26"]
[SourceTitle "playchess.com"]
[Source "ChessBase"]
[SourceQuality "1"]

1. Nf3 Nf6 2. c4 c5 3. Nc3 d5 4. cxd5 Nxd5 5. g3 Nxc3 6. bxc3 g6 7. Bg2 Bg7 8. O-O O-O 9. Qc2 Qc7 10. d3 Nc6 11. Be3 b6 12. Bf4 Qd7 13. Ne5 Bxe5 14. Bxe5 Bb7 15. Bf4 e5 16. Bh6 Rfe8 17. Qa4 Qc7 18. Qh4 Qd6 19. Rad1 Nd8 20. e4 f6 21. f4 Nf7 22. fxe5 Qxe5 23. Bd2 Rad8 24. Be1 Kg7 25. g4 Bc8 26. h3 Qe7 27. d4 Ng5 28. Bd2 h6 29. Qf2 Rf8 30. Rde1 Ba6 31. h4 Nf7 32. Qe3 Bxf1 33. Rxf1 g5 34. h5 Nd6 35. Qd3 Qe6 36. e5 fxe5 37. Re1 e4 38. Qg3 cxd4 39. cxd4 Qd5 40. Bc3 Rde8 41. Kh1 Rf7 42. Bb4 Nc4 43. Qb3 a5 44. Bc3 Rf4 45. Ba1 Rxg4 46. Re2 b5 47. a4 bxa4 48. Qxa4 Rb8 49. Qc2 Re8 50. Qa4 Re7 51. Qb3 Rb7 52. Qc2 Nd6 53. Kg1 Re7 54. Qb1 Nf5 55. Kh2 Kh7 56. Kh1 Ng3+ 57. Kh2 Nxe2 58. Qb6 Rh4+ 59. Bh3 Qe6 60. Qxe6 Rxe6 61. Kg2 Nf4+ 0-1

[Event "FISU World University-ch 2020"]
[Site "Online"]
[Date "2020.10.26"]
[Round "5.24"]
[White "Da Silva Araujo, Gabriel Victor"]
[Black "Flores, Fernando"]
[Result "1-0"]
[WhiteElo "2011"]
[BlackElo "1943"]
[Annotator "TA"]
[PlyCount "77"]
[EventDate "2020.10.26"]
[SourceTitle "playchess.com"]
[Source "ChessBase"]
[SourceQuality "1"]

1. c4 e6 2. g3 d5 3. Bg2 Nf6 4. Nf3 c6 5. O-O Bd6 6. d4 Nbd7 7. b3 O-O 8. Bb2 Ne4 9. Nc3 f5 10. Nd2 a6 11. Rc1 b5 12. Ndxe4 fxe4 13. f3 b4 14. Nb1 exf3 15. Bxf3 Bb7 16. e4 Rc8 17. Qe2 Qe8 18. Nd2 Bb8 19. Rce1 Nf6 20. e5 Nd7 21. Kg2 Qe7 22. Rf2 Nb6 23. Ref1 Rf7 24. c5 Na8 25. a3 bxa3 26. Bxa3 Nc7 27. b4 Rcf8 28. Nb3 Nb5 29. Bb2 Bc7 30. Nc1 a5 31. Nd3 Ra8 32. Bg4 Rxf2+ 33. Qxf2 a4 34. Nf4 Bc8 35. Nh5 Bd7 36. Bc1 Rf8 37. Qxf8+ Qxf8 38. Rxf8+ Kxf8 39. Bb2 1-0

[Event "FISU World University-ch 2020"]
[Site "Online"]
[Date "2020.10.26"]
[Round "5.24"]
[White "Anaya Lopez, Gonzalo Javier"]
[Black "Bail, Ellen Larissa"]
[Result "0-1"]
[WhiteElo "1984"]
[BlackElo "1848"]
[Annotator "TA"]
[PlyCount "114"]
[EventDate "2020.10.26"]
[SourceTitle "playchess.com"]
[Source "ChessBase"]
[SourceQuality "1"]

1. d4 d5 2. c4 e6 3. Nc3 Be7 4. Nf3 Nf6 5. Bg5 O-O 6. e3 h6 7. Bh4 b6 8. g4 Bb7 9. Rg1 Ne4 10. Bxe7 Qxe7 11. Nxe4 dxe4 12. Nd2 c5 13. dxc5 Qxc5 14. g5 Na6 15. gxh6 g6 16. a3 Qe5 17. h4 Kh7 18. Qc2 Nc5 19. Rg5 Qf6 20. Nb3 Nd7 21. O-O-O Rfd8 22. Kb1 Rac8 23. Be2 a5 24. Rdg1 Kxh6 25. R5g2 a4 26. Nd4 Nc5 27. h5 g5 28. Rxg5 Qxg5 29. Rxg5 Kxg5 30. Qc3 e5 31. Nb5 f6 32. Qe1 Kh6 33. Qh1 Nb3 34. Qh4 Nd2+ 35. Ka2 Rf8 36. Nd6 Rc7 37. Nf5+ Kh7 38. Qg4 Rg8 39. Qh4 Rg5 40. h6 Rxf5 41. Qg4 Rg5 42. Qe6 Nb3 43. Qxb6 Rf7 44. Bd1 Nc1+ 45. Kb1 Nd3 46. Bxa4 Rg1+ 47. Kc2 Rc1+ 48. Kb3 Bc8 49. Bb5 Bg4 50. Be8 Re7 51. Qxf6 Rb7+ 52. Bb5 Bd1+ 53. Ka2 Nc5 54. a4 Bb3+ 55. Ka3 Bxc4 56. Bxc4 Ra1+ 57. Ba2 Rb3# 0-1

[Event "FISU World University-ch 2020"]
[Site "Online"]
[Date "2020.10.26"]
[Round "5.25"]
[White "Gasic Merino, Franco"]
[Black "Toledo Sanz, Imanol"]
[Result "0-1"]
[WhiteElo "2204"]
[BlackElo "2177"]
[Annotator "TA"]
[PlyCount "74"]
[EventDate "2020.10.26"]
[SourceTitle "playchess.com"]
[Source "ChessBase"]
[SourceQuality "1"]

1. d4 Nf6 2. g3 c5 3. d5 g6 4. c4 Bg7 5. Nc3 O-O 6. Bg2 d6 7. Nf3 e6 8. O-O exd5 9. cxd5 Re8 10. Bf4 Bf5 11. Nd2 Nh5 12. Be3 b5 13. Nxb5 Bxb2 14. Nc4 Be5 15. Nxe5 Rxe5 16. Bf3 a6 17. Na3 Rxe3 18. fxe3 Qg5 19. Nc4 Nf6 20. Qb3 Nbd7 21. Nxd6 Bh3 22. Rf2 Qe5 23. Rc1 Qxd6 24. e4 Re8 25. Qe3 Kg7 26. Qc3 h5 27. Bh1 Kg8 28. Rf4 Qe5 29. Qxe5 Rxe5 30. Rb1 g5 31. Rf3 Nxe4 32. Re3 Bf5 33. Rb7 Ndf6 34. d6 Rd5 35. Bxe4 Rd1+ 36. Kf2 Ng4+ 37. Kf3 Rf1+ 0-1

[Event "FISU World University-ch 2020"]
[Site "Online"]
[Date "2020.10.26"]
[Round "5.25"]
[White "Morante Rafael, Aritz"]
[Black "Aguirre Adaros, Joaquin"]
[Result "1-0"]
[WhiteElo "2161"]
[BlackElo "1885"]
[Annotator "TA"]
[PlyCount "65"]
[EventDate "2020.10.26"]
[SourceTitle "playchess.com"]
[Source "ChessBase"]
[SourceQuality "1"]

1. e4 c5 2. Nf3 e6 3. d4 cxd4 4. Nxd4 a6 5. c4 Nf6 6. Nc3 Qc7 7. a3 b6 8. Be3 Bb7 9. f3 Be7 10. Be2 O-O 11. Qd2 d6 12. O-O Nbd7 13. Rfc1 Rac8 14. a4 Rfe8 15. a5 bxa5 16. Nb3 Nc5 17. Nxa5 Ba8 18. b4 Nb7 19. Nb3 d5 20. c5 dxe4 21. Rxa6 exf3 22. Bxf3 Red8 23. Qa2 Qe5 24. Qf2 h5 25. h3 Rd3 26. Bd4 Qg5 27. Rca1 e5 28. Rxa8 Rxa8 29. Rxa8+ Kh7 30. Qc2 Qg6 31. Be2 Rxd4 32. Nxd4 exd4 33. Bd3 1-0

[Event "FISU World University-ch 2020"]
[Site "Online"]
[Date "2020.10.26"]
[Round "5.25"]
[White "Apellaniz Perez, Estibaliz"]
[Black "Perez Hueica, Elias"]
[Result "0-1"]
[WhiteElo "1363"]
[BlackElo "1934"]
[Annotator "TA"]
[PlyCount "54"]
[EventDate "2020.10.26"]
[SourceTitle "playchess.com"]
[Source "ChessBase"]
[SourceQuality "1"]

1. Nf3 Nf6 2. c4 g6 3. b3 Bg7 4. Bb2 O-O 5. Nc3 d5 6. cxd5 Nxd5 7. Rc1 Bf5 8. Ba1 Nc6 9. d3 Nf4 10. e4 Bg4 11. h3 Bxf3 12. Qxf3 Bh6 13. Rd1 Nd4 14. Qg4 Nc2+ 15. Kd2 Nd4 16. Qh4 Kg7 17. Qg3 Nxg2+ 18. f4 Bxf4+ 19. Qxf4 Nxf4 20. Nb5 e5 21. h4 a6 22. Nc3 Qd7 23. Nd5 Nxd5 24. exd5 Qxd5 25. Bh3 Qa5+ 26. Bc3 Qxa2+ 27. Ke3 Qe2# 0-1

[Event "FISU World University-ch 2020"]
[Site "Online"]
[Date "2020.10.26"]
[Round "5.25"]
[White "Leon Badillo, Antonia"]
[Black "De las Heras Figueroa, Rodrigo"]
[Result "0-1"]
[WhiteElo "1320"]
[BlackElo "1999"]
[Annotator "TA"]
[PlyCount "58"]
[EventDate "2020.10.26"]
[SourceTitle "playchess.com"]
[Source "ChessBase"]
[SourceQuality "1"]

1. d4 c6 2. Bf4 d6 3. Nf3 g6 4. e3 Bg7 5. Bd3 Nd7 6. Be2 Ngf6 7. O-O O-O 8. Nbd2 Qe8 9. Bg5 h6 10. Bxf6 Nxf6 11. c3 e5 12. Nc4 Ne4 13. Bd3 d5 14. Bxe4 dxc4 15. Nd2 exd4 16. exd4 Be6 17. Re1 Qd7 18. Bf3 Rad8 19. Qa4 b5 20. Qc2 Rfe8 21. Ne4 Qc7 22. Qd2 c5 23. Nxc5 Qxc5 24. dxc5 Rxd2 25. Bc6 Rc8 26. Bxb5 Rxc5 27. a4 Rf5 28. Re4 Rfxf2 29. Re3 Rxg2+ 0-1

[Event "FISU World University-ch 2020"]
[Site "Online"]
[Date "2020.10.26"]
[Round "5.26"]
[White "Voloshynskyi, Liubomyr"]
[Black "Ikeda, Vinicius Yasuto"]
[Result "1-0"]
[WhiteElo "2118"]
[BlackElo "2004"]
[Annotator "TA"]
[PlyCount "99"]
[EventDate "2020.10.26"]
[SourceTitle "playchess.com"]
[Source "ChessBase"]
[SourceQuality "1"]

1. e4 e5 2. Nf3 Nc6 3. Bb5 a6 4. Ba4 Nf6 5. O-O Be7 6. Re1 b5 7. Bb3 O-O 8. d3 d6 9. c3 Na5 10. Bc2 c5 11. Nbd2 Bb7 12. Nf1 Re8 13. Ng3 g6 14. Bg5 Nd7 15. Qd2 Bxg5 16. Nxg5 Qf6 17. b4 cxb4 18. cxb4 Nc6 19. Bb3 Re7 20. Ne2 Nf8 21. a3 h6 22. Nf3 Kg7 23. Nc3 Rd7 24. Nd5 Qd8 25. Qe3 Rb8 26. d4 Ne6 27. dxe5 dxe5 28. Qc3 f6 29. Ba2 Ncd4 30. Nxd4 Nxd4 31. Rac1 Rc8 32. Qd3 Rd6 33. f4 Rdc6 34. Rxc6 Rxc6 35. fxe5 fxe5 36. Rf1 Qg5 37. Bb1 h5 38. Kh1 Rc1 39. Kg1 Rxf1+ 40. Qxf1 Qd2 41. Qf6+ Kh6 42. Qf8+ Kg5 43. Qf6+ Kh6 44. Qf8+ Kg5 45. Qf6+ Kh6 46. h4 Qe1+ 47. Kh2 Kh7 48. Qf7+ Kh6 49. Qf8+ Kh7 50. Nf6# 1-0

[Event "FISU World University-ch 2020"]
[Site "Online"]
[Date "2020.10.26"]
[Round "5.26"]
[White "Stasiuk, Vitaly"]
[Black "Batista Inacio, Pedro Lews"]
[Result "1-0"]
[WhiteElo "1855"]
[BlackElo "1687"]
[Annotator "NA RC"]
[PlyCount "121"]
[EventDate "2020.10.26"]
[SourceTitle "playchess.com"]
[Source "ChessBase"]
[SourceQuality "1"]

1. e4 e5 2. Nf3 Nc6 3. Bb5 d6 4. O-O Nf6 5. d4 exd4 6. Bxc6+ bxc6 7. Qxd4 Be7 8. c4 c5 9. Qd3 O-O 10. Nc3 Bb7 11. Re1 h6 12. Bf4 a6 13. Rad1 Re8 14. e5 dxe5 15. Bxe5 Qxd3 16. Rxd3 Bxf3 17. Rxf3 Bd6 18. Rfe3 Ng4 19. Bxd6 Nxe3 20. fxe3 cxd6 21. Nd5 Re4 22. b3 a5 23. Nc7 Ra7 24. Nb5 Ra6 25. Kf2 Re6 26. Nc7 Rf6+ 27. Ke2 Ra7 28. Nb5 Rb7 29. Nc3 Re6 30. Kd3 f5 31. g3 Kf7 32. Rf1 Kg6 33. h4 Rf7 34. Nd5 Kh7 35. h5 g5 36. a3 Re4 37. Rxf5 Rxf5 38. Kxe4 Re5+ 39. Kd3 Kg7 40. g4 Re8 41. Nc7 Re7 42. Nb5 Re6 43. Nc7 Re7 44. Nb5 Rd7 45. Ke4 Kf6 46. Kd5 Ke7 47. e4 Rd8 48. Na7 Rf8 49. Nc6+ Kd7 50. e5 Rf4 51. exd6 Kc8 52. Ne5 Rf1 53. Kxc5 Kd8 54. Kc6 Rf6 55. c5 Rf4 56. b4 axb4 57. axb4 Rxb4 58. Nf7+ Ke8 59. d7+ Kxf7 60. d8=Q Rxg4 61. Qd7+ 1-0

[Event "FISU World University-ch 2020"]
[Site "Online"]
[Date "2020.10.26"]
[Round "5.26"]
[White "Da Silva, Francisco Iran Santo"]
[Black "Dzurak, Vitalii"]
[Result "0-1"]
[WhiteElo "1825"]
[BlackElo "1894"]
[Annotator "NA RC"]
[PlyCount "104"]
[EventDate "2020.10.26"]
[SourceTitle "playchess.com"]
[Source "ChessBase"]
[SourceQuality "1"]

1. e4 c6 2. d4 d5 3. exd5 cxd5 4. Bd3 Nc6 5. c3 Qc7 6. Ne2 Nf6 7. Bf4 Qb6 8. Qb3 Qxb3 9. axb3 g6 10. Na3 Nh5 11. Nb5 Kd8 12. Bc7+ Kd7 13. g4 Nf6 14. f3 Ne8 15. Bb6 a6 16. Kf2 Rb8 17. Na3 Bg7 18. g5 Nd6 19. Nf4 e6 20. h4 h6 21. Nc2 Ne7 22. Ne3 Kc6 23. Bc5 Bd7 24. Rag1 hxg5 25. hxg5 Kc7 26. Ng4 a5 27. Ne5 Bxe5 28. dxe5 Ndf5 29. Kg2 b6 30. Bxe7 Nxe7 31. Rh6 Nc6 32. Rgh1 Rxh6 33. gxh6 Nxe5 34. h7 Rh8 35. Kg3 g5 36. Nh5 Nxd3 37. Nf6 Ne5 38. f4 Ng6 39. fxg5 Kd6 40. Kg4 Nf8 41. Rh2 e5+ 42. Nxd7 Kxd7 43. Kf5 e4 44. Kf6 Rxh7 45. Rd2 Kc6 46. Re2 Ng6 47. Rd2 Nf4 48. Ke5 e3 49. Rd1 e2 50. Rg1 e1=Q+ 51. Rxe1 Nd3+ 52. Kf6 Nxe1 0-1

[Event "FISU World University-ch 2020"]
[Site "Online"]
[Date "2020.10.26"]
[Round "5.26"]
[White "Liebl, Livia"]
[Black "Sydoryak, Vira"]
[Result "0-1"]
[WhiteElo "1543"]
[BlackElo "1791"]
[Annotator "NA RC"]
[PlyCount "34"]
[EventDate "2020.10.26"]
[SourceTitle "playchess.com"]
[Source "ChessBase"]
[SourceQuality "1"]

1. d4 Nf6 2. e3 g6 3. f4 Bg7 4. Nf3 c5 5. Bd3 cxd4 6. exd4 d6 7. O-O O-O 8. c3 Nc6 9. Nbd2 Nd5 10. Ne4 e5 11. dxe5 dxe5 12. fxe5 Nxe5 13. Nxe5 Bxe5 14. Bh6 Qh4 15. Bxf8 Bxh2+ 16. Kh1 Bg3+ 17. Kg1 Qh2# 0-1

[Event "FISU World University-ch 2020"]
[Site "Online"]
[Date "2020.10.26"]
[Round "5.27"]
[White "Smieszek, Wojciech"]
[Black "Chen, Yiru"]
[Result "1-0"]
[WhiteElo "2107"]
[BlackElo "1828"]
[Annotator "TA"]
[PlyCount "101"]
[EventDate "2020.10.26"]
[SourceTitle "playchess.com"]
[Source "ChessBase"]
[SourceQuality "1"]

1. e4 c5 2. Nf3 d6 3. d4 cxd4 4. Nxd4 Nf6 5. Nc3 a6 6. Nb3 e5 7. Bg5 Be7 8. Bxf6 Bxf6 9. Nd5 Bg5 10. h4 Bh6 11. g4 Bf4 12. Nxf4 exf4 13. Qd4 Qf6 14. Qxf6 gxf6 15. O-O-O Ke7 16. g5 fxg5 17. hxg5 Nc6 18. Bc4 Be6 19. Bd5 Rag8 20. Bxe6 fxe6 21. Rh5 Ne5 22. Rdh1 Rg7 23. Nd4 Nf7 24. Nf3 b5 25. Kd2 e5 26. Kd3 Ke6 27. c3 d5 28. exd5+ Kxd5 29. Re1 Re8 30. Re4 Nd6 31. Nd2 Nxe4 32. Nxe4 Ree7 33. f3 a5 34. Nf6+ Kc6 35. Ke4 Kc5 36. Ng4 Kd6 37. Nh6 Kc5 38. Nf5 Rgf7 39. Nxe7 Rxe7 40. g6 hxg6 41. Rxe5+ Rxe5+ 42. Kxe5 b4 43. cxb4+ axb4 44. Kxf4 Kd4 45. Kg5 Kd3 46. a4 b3 47. a5 Kc2 48. a6 Kxb2 49. a7 Kc1 50. a8=Q b2 51. Qb7 1-0

[Event "FISU World University-ch 2020"]
[Site "Online"]
[Date "2020.10.26"]
[Round "5.27"]
[White "Wu, Yiquan"]
[Black "Sulkowski, Andrzej"]
[Result "1/2-1/2"]
[WhiteElo "1550"]
[BlackElo "1783"]
[Annotator "NA RC"]
[PlyCount "64"]
[EventDate "2020.10.26"]
[SourceTitle "playchess.com"]
[Source "ChessBase"]
[SourceQuality "1"]

1. d4 e6 2. c4 f5 3. g3 Nf6 4. Bg2 c6 5. Nh3 d5 6. Nd2 Bd6 7. c5 Be7 8. O-O O-O 9. b4 a5 10. bxa5 Qxa5 11. Nf3 b6 12. Bd2 Qa7 13. cxb6 Qxb6 14. Nf4 c5 15. dxc5 Bxc5 16. Nd3 Bd6 17. Qb3 Nbd7 18. Be3 Qxb3 19. axb3 Bb7 20. Nd4 Kf7 21. Nb5 Be7 22. Bf4 Rxa1 23. Rxa1 Ra8 24. Rxa8 Bxa8 25. Nd6+ Bxd6 26. Bxd6 Ne4 27. Ne5+ Ke8 28. Bxe4 dxe4 29. Nxd7 Kxd7 30. Be5 g6 31. Kf1 Kc6 32. b4 Kb5 1/2-1/2

[Event "FISU World University-ch 2020"]
[Site "Online"]
[Date "2020.10.26"]
[Round "5.28"]
[White "Muniz, Francisco Allysson d"]
[Black "Isakzhanov, Kelsinbek"]
[Result "0-1"]
[WhiteElo "2061"]
[BlackElo "2070"]
[Annotator "TA"]
[PlyCount "46"]
[EventDate "2020.10.26"]
[SourceTitle "playchess.com"]
[Source "ChessBase"]
[SourceQuality "1"]

1. d4 d5 2. c4 e6 3. Nc3 Nf6 4. Bf4 dxc4 5. e4 c6 6. a4 Bb4 7. f3 b5 8. Kf2 O-O 9. axb5 Bxc3 10. bxc3 cxb5 11. Bxb8 Rxb8 12. Rxa7 Qb6 13. Ra2 Rd8 14. Ne2 e5 15. g3 b4 16. Kg2 bxc3 17. d5 Qe3 18. Rc2 Rb2 19. Qc1 Ng4 20. Rxb2 Qf2+ 21. Kh3 Ne3+ 22. Kh4 Qxf3 23. Qxe3 Qg4# 0-1

[Event "FISU World University-ch 2020"]
[Site "Online"]
[Date "2020.10.26"]
[Round "5.28"]
[White "Sharshembiev, Adil"]
[Black "Dos Santos, Lucas Vinicius Monte"]
[Result "1-0"]
[WhiteElo "1845"]
[BlackElo "1938"]
[Annotator "TA"]
[PlyCount "47"]
[EventDate "2020.10.26"]
[SourceTitle "playchess.com"]
[Source "ChessBase"]
[SourceQuality "1"]

1. d4 Nf6 2. Bf4 g6 3. Nc3 Bg7 4. e4 d6 5. Qd2 O-O 6. O-O-O c6 7. f3 b5 8. Bh6 b4 9. Nb1 Ba6 10. Bxa6 Nxa6 11. h4 Qa5 12. g4 Kh8 13. Bxg7+ Kxg7 14. h5 g5 15. e5 Nd5 16. Qxg5+ Kh8 17. exd6 exd6 18. Qh6 Qc7 19. g5 Qe7 20. Nd2 Nac7 21. Ne4 Ne3 22. g6 fxg6 23. Qxe3 d5 24. hxg6 1-0

[Event "FISU World University-ch 2020"]
[Site "Online"]
[Date "2020.10.26"]
[Round "5.28"]
[White "Araujo, Lucas Filipe Echer"]
[Black "Abylkasymov, Kairatbek"]
[Result "0-1"]
[WhiteElo "1788"]
[BlackElo "1827"]
[Annotator "NA RC"]
[PlyCount "118"]
[EventDate "2020.10.26"]
[SourceTitle "playchess.com"]
[Source "ChessBase"]
[SourceQuality "1"]

1. d4 Nf6 2. Nf3 d5 3. Bf4 c5 4. c3 Nc6 5. Nbd2 Bg4 6. h3 Bh5 7. e3 e6 8. Be2 Bd6 9. Ne5 Bxe2 10. Qxe2 Bxe5 11. dxe5 Nd7 12. Nf3 Qc7 13. e4 d4 14. cxd4 cxd4 15. Rc1 Qa5+ 16. Bd2 Qb6 17. O-O Ndxe5 18. Nxe5 Nxe5 19. Kh1 O-O 20. f4 Nc6 21. f5 exf5 22. exf5 Rae8 23. Qg4 Ne5 24. Qg3 f6 25. b3 Qa6 26. Bb4 Rf7 27. a3 Qd3 28. Qf4 Qe3 29. Qh4 Qxb3 30. Qxd4 Nc6 31. Qc5 Nxb4 32. axb4 b6 33. Qd6 Rfe7 34. Rf3 Qb2 35. Rcc3 Qa1+ 36. Kh2 Qe1 37. Rg3 Qe5 38. Qd3 Qf4 39. Rc4 Qb8 40. Rcg4 h5 41. Rh4 Re3 42. Qc4+ Kf8 43. Qf4 Qxf4 44. Rxf4 R3e4 45. Rgf3 Rxf4 46. Rxf4 a5 47. bxa5 bxa5 48. Kg3 Rb8 49. Rf3 Rb4 50. Ra3 a4 51. Kf2 Ke7 52. Re3+ Kd6 53. Re8 h4 54. Ra8 Ke5 55. Ra5+ Kf4 56. Rc5 Rb2+ 57. Kf1 a3 58. Rc4+ Kxf5 59. Ra4 a2 0-1

[Event "FISU World University-ch 2020"]
[Site "Online"]
[Date "2020.10.26"]
[Round "5.28"]
[White "Mairambekova, Aiperi"]
[Black "Pascual, Julia Figueiredo"]
[Result "1-0"]
[WhiteElo "1561"]
[BlackElo "1265"]
[Annotator "NA RC"]
[PlyCount "99"]
[EventDate "2020.10.26"]
[SourceTitle "playchess.com"]
[Source "ChessBase"]
[SourceQuality "1"]

1. d4 Nf6 2. c4 e6 3. Nf3 Nc6 4. g3 Bb4+ 5. Bd2 a5 6. a3 Bxd2+ 7. Nbxd2 O-O 8. Bg2 d5 9. O-O Qe7 10. Qc2 h6 11. e4 dxe4 12. Nxe4 Rd8 13. Rad1 Na7 14. Rfe1 b5 15. Ne5 Rb8 16. c5 Nd5 17. Nc3 c6 18. Nxd5 cxd5 19. Qd2 b4 20. axb4 Rxb4 21. Ra1 Qc7 22. Bf1 f6 23. Nf3 Nc6 24. Bh3 Re8 25. Re2 Kf7 26. Rae1 Bd7 27. Bg4 f5 28. Bh3 Rb5 29. Qc3 a4 30. Ra1 Ra8 31. Qc2 Rba5 32. Re3 Nb4 33. Qd2 Nc6 34. Bf1 Kf6 35. Qc3 Rb5 36. Bxb5 Qa7 37. Qa3 g5 38. Qxa4 Qxa4 39. Rxa4 Rc8 40. Bxc6 Bxc6 41. Ra7 Rb8 42. Ne5 Be8 43. b3 f4 44. gxf4 gxf4 45. Rc3 Kf5 46. f3 Bh5 47. c6 Rg8+ 48. Kf2 Rc8 49. c7 Be8 50. Rb7 1-0